000 00811nam a2200253Ia 4500
003 OSt
005 20221005085452.0
006 a|||||r|||| 00| 0
007 ta
008 221004b |||||||| |||| 00| 0 eng d
020 _a9780823245321 (hbk)
_c2794.46
024 _a21919
037 _b113, 19/03/2015, Mallika Books
_cTextual
040 _aCRL
_cCRL
_beng
041 _2eng
_aeng
082 _aO111:g(R5), Q3
100 _aLisi Leonardo F
_9614222
245 0 _aMarginal modernity
_bThe aesthetics of dependency from Kierkegaard to Joyce
260 _aNew York
_bFordham University Press USA
_c2013
300 _axiii,334p.
_ccm.
650 _aENGLISH LITERATURE
942 _hO111:g(R5), Q3
_cTEXL
_2cc
999 _c994267
_d994267